1789 1790 1394 1375 1756 1677 1014 1393 1167 1374 1731 1699 1494 1479 1812 1829 1190 1969 1715 1827 1160 1363 1008 1767 1705 1602 1713 1435 1520 1791 1518 1932 1238 1293 1243 1422 1623 1578 1542 1806 1485 1682 1710 1405 1031 1562 1815 1258 1394 1004 1672 1040 1212 1925 1963 2000 1139 1646 1798 1078 1246 1379 1134 1112 1189 1164 1544 1155 1823 1509 1811 1233 1190 1799 1929 1818 1518 1235 1834 1180 1465 1884 1550 1766 1119 1158 1784 1881 1269 1963 1557 1373 1978 1727 1956 1835 1251 1430 1758 BCNSPRNW ULIB Ver.6.0+V

เปลี่ยนเป็นภาษาไทย

Change to English
 แสดงรายละเอียดบรรณานุกรม
  กลับหน้าหลัก

Brief Record : Get Marc (ISO 2709) : E-mail record : QR code < ปิดหน้าต่าง
LEADER : 00000nam a2200000Ia 4500
001    13399128326
003     ULIB
008    220422s2564 th a b 000 0 tha d
020    ^a9786168201183 (ล.1)
020    ^a9786168201190 (ล.2)
040    ^absi
060 04 ^aWV140^bร924 ล.1-2
245 00 ^aโรค หู คอ จมูก :^bสำหรับนักศึกษาแพทย์และแพทย์เวชปฏิบัติทั่วไป /^cบรรณาธิการ, ภาวิน เกษกุล, จีระสุข จงกลวัฒนา, โชคชัย เมธีไตรรัตน์
250    ^aพิมพ์ครั้งที่ 2
260    ^aกรุงเทพฯ :^bสำนักพิมพ์ศิริราช คณะแพทยศาสตร์ศิริราชพยาบาลมหาวิทยาลัยมหิดล,^c2564
300    ^a2 เล่ม :^bภาพประกอบ ;^c27 ซม.
500    ^aCL มีพิมพ์ครั้งที่ 1 ปีพิมพ์เดียวกัน
650  4 ^aหู คอ จมูก, โรค^xการรักษา
650  4 ^aหู, โรค^xการรักษา
650  4 ^aคอ, โรค^xการรักษา
650  4 ^aจมูก, โรค^xการรักษา
653    ^aผลงานอาจารย์คณะแพทยศาสตร์ศิริราชพยาบาล
690    ^aMahidol IR
700 0  ^aภาวิน เกษกุล,^eบรรณาธิการ
700 0  ^aจีระสุข จงกลวัฒนา,^eบรรณาธิการ
700 0  ^aโชคชัย เมธีไตรรัตน์,^eบรรณาธิการ
710 2  ^aมหาวิทยาลัยมหิดล.^bคณะแพทยศาสตร์ศิริราชพยาบาล.^bภาควิชาโสต นาสิกลาริงซ์วิทยา
945    ^p1500^l0^i29548
945    ^p1500^l0^i29549
995    ^aกัณชพร จุลอักษร
999    ^aกัณชพร
รายการนี้ยังไม่มีแท็ก
คุณยังไม่ได้ล็อกอิน คุณสามารถมีกิจกรรมร่วมกับเว็บไซต์ได้ แต่ต้องล็อกอินก่อน ::
  ล็อกอิน

รายการสื่อสารสนเทศ

ลำดับที่ ประเภท เลขเรียก/บาร์โค้ด สถานที่ สถานะ
1. หนังสือสำรอง
หนังสือสำรอง
WV140 ร924 ล.1-2 ฉ.1 
  Barcode: 29548
ห้องสมุดวิทยาเขตนครสวรรค์
►หนังสือทั่วไป:l:General Books
ถูกยืม กำหนดส่งวันที่ 7 มิถุนายน 2569
  จอง
2. วิทยาศาสตร์การแพทย์ และสุขภาพ
วิทยาศาสตร์การแพทย์ และสุขภาพ
WV140 ร924 ล.1-2 ฉ.2 
  Barcode: 29549
ห้องสมุดวิทยาเขตนครสวรรค์
►หนังสือทั่วไป:l:General Books
บนชั้น

BibComment


ยังไม่เคยถูกคอมเมนท์

คอมเมนท์ทรัพยากรรายการนี้
  คอมเมนท์: โรค หู คอ จมูก ..


 Copyright 2026. Bcnsprnw @Library